000 00898nam a2200253Ia 4500
003 OSt
005 20220923224313.0
006 a|||||r|||| 00| 0
007 ta
008 220922b |||||||| |||| 00| 0 hin d
024 _a230,763
037 _cTextual
040 _aARTS
_cARTS
_bhin
041 _2hin
_ahin
082 _aO152,3N55,MU, P4
100 _aजैन, वीरेन्द्र कुमार
245 0 _aमुक्तिदूत
_b एक पौराणिक रोमांस
246 _aMuktidūta: ek paurāṇik romāansa
260 _aनई दिल्ली
_b भारतीय ज्ञानपीठ
_c2004
300 _a238पृ.
_ccm.
650 _aहिन्दी साहित्य
_9156264
942 _hO152,3N55,MU, P4
_cTEXL
_2CC
999 _c370511
_d370511